| 000 | 01175cam a22003377a 4500 | ||
|---|---|---|---|
| 003 | CHAP | ||
| 005 | 20220329133023.0 | ||
| 008 | 971013s1982 r 00010 d | ||
| 010 | _a1353 | ||
| 011 | _a2325 | ||
| 035 | _a1518 | ||
| 040 | _cCHAP | ||
| 090 | _aTesis | ||
| 100 | 0 | 0 |
_aNardoni y Ortega, Mario Héctor. _980228 |
| 245 | 0 | _aProducción de rosas en invernadero como flor de corte para exportación al mercado de los Estados Unidos de Norteamerica | |
| 260 |
_aCiudad Juárez, Chih, : _bEl autor, _c1982 |
||
| 300 |
_a623 h. _b: ilus. |
||
| 502 | _aTesis (Ing. Agr. Fitotecnista). -- Escuela Superior de Agricultura "Hermanos Escobar" | ||
| 590 |
_aALEPH _b10 _c20130110 _lUCH01 _h1208 |
||
| 590 |
_aBATCH-UPD _b10 _c20130110 _lUCH01 _h1644 |
||
| 590 |
_aBATCH-UPD _b10 _c20130410 _lUCH01 _h1034 |
||
| 590 |
_aBATCH-UPD _b10 _c20130914 _lUCH01 _h1418 |
||
| 590 |
_aCONVERSION _b10 _c20130109 _lUCH01 _h1302 |
||
| 650 | 1 | 4 |
_aFlores _xE.U.A. _941373 |
| 650 | 1 | 4 |
_aFlores _xMercadeo. _941388 |
| 650 | 1 | 4 |
_aRosas _xMercadeo. _999978 |
| 901 | _aBK | ||
| 942 | _cFOLL | ||
| 949 |
_bBC _cTES _d-11005 _eTS1 _h23233 _i1518 _si |
||
| 949 |
_bBC _cTES _d-69140 _eTS2 _fc.2 _h23334 _i1518 _si |
||
| 999 |
_c1353 _d1353 |
||